Exportations d'armes - France - Statistiques

Statistiques générales
  • Ce quiz a été pris 21 416 fois
  • Le résultat moyen est 12 sur 20
Statistiques - réponses
Milliards € Pays % Correct
1,78 États-Unis
92%
1,13 Allemagne
87%
1,44 Espagne
84%
1,06 Chine
81%
1,37 Royaume-Uni
79%
10,89 Inde
75%
1,26 Brésil
73%
1,32 Australie
72%
1,47 Maroc
68%
9,55 Arabie Saoudite
64%
12,28 Égypte
59%
3,28 Belgique
58%
11,04 Qatar
54%
1,64 Corée du Sud
51%
21,47 Émirats Arabes Unis
51%
6,33 Grèce
43%
2,56 Indonésie
40%
1,71 Koweït
28%
1,03 Croatie
18%
2,62 Singapour
12%
Aucun quiz correspondant
Distribution des résultats
% des personnes avec chaque résultat
Percentile par nombre de réponses
Votre historique - résultats
Vous n’avez pas pris ce quiz